Kvalita produktov a kvalita života
Ukazovatele a indikátory kvality života. Hodnota pre zákazníka a bezpečnosť produktov. Bezpečnostné systémy Európskej únie, ktoré slúžia ako systém kontroly v dodržiavaní bezpečnostných noriem. Informácie pre spotrebiteľa. Hlásenia podľa krajín, podľa rizika, kategórie a krajiny pôvodu. RAPEX Čína.
Enregistré dans:
| Auteur principal: | |
|---|---|
| Autres auteurs: | |
| Format: | Chapitre de livre |
| Langue: | slovaque |
| Sujets: | |
| Tags: |
Pas de tags, Soyez le premier à ajouter un tag!
|
MARC
| LEADER | 00000naa a2200000 4500 | ||
|---|---|---|---|
| 001 | 0121039 | ||
| 005 | 20240502072356.8 | ||
| 041 | 0 | |a slo | |
| 044 | |a SK | ||
| 245 | 1 | 0 | |a Kvalita produktov a kvalita života |c Vojtech Kollár, Zuzana Vyskočilová |
| 520 | |a Ukazovatele a indikátory kvality života. Hodnota pre zákazníka a bezpečnosť produktov. Bezpečnostné systémy Európskej únie, ktoré slúžia ako systém kontroly v dodržiavaní bezpečnostných noriem. Informácie pre spotrebiteľa. Hlásenia podľa krajín, podľa rizika, kategórie a krajiny pôvodu. RAPEX Čína. | ||
| 610 | 2 | 0 | |a výrobky |
| 610 | 2 | 0 | |a produkty |
| 610 | 2 | 0 | |a kvalita výrobkov |
| 610 | 2 | 0 | |a bezpečnosť výrobkov |
| 610 | 2 | 0 | |a kvalita života |
| 610 | 2 | 0 | |a systémy informačné |
| 610 | 2 | 0 | |a systémy bezpečnostné |
| 610 | 2 | 0 | |a spotrebitelia |
| 610 | 2 | 0 | |a zákazníci |
| 610 | 2 | 0 | |a Európska únia |
| 610 | 2 | 0 | |a Čína |
| 100 | 1 | |a Kollár, Vojtech | |
| 700 | 1 | |a Vyskočilová, Zuzana | |